000 02328nam a22002537a 4500
999 _c61887
_d61887
003 Ge_BSU
005 20240603164212.0
008 240603s2023 ge ||||| |||| 00| 0 geo d
020 _a9789941859793
041 _ageo
080 _a329(479.22) პ-18
100 _aპაპუაშვილი, გიორგი
_922296
245 _aპოლიტიკური პარტიების როლი და მათი აკრძალვის სტანდარტები დემოკრატიულ საზოგადოებაში /
_cგიორგი პაპუაშვილი, გიორგი ბერაია; კვლევის ასისტენტები: ანამარია თავართქილაძე, ლიკა თურმანაული, ნანუკა სიმონიშვილი, მარიამ ალასანია, სამცხე-ჯავახეთის სახელმწ, უნ-ტის სტუდენტები: ვერონიკა გვარამაძე, მაგდა ჯიქური.
264 _aთბილისი :
_bთავისუფალი და აგრარული უნივერსიტეტების გამომცემლობა,
_c2023.
300 _a100 გვ. ;
_b 23 სმ.
500 _aკვლევა მომზადებულია თბილისის თავისუფალი უნივერსიტეტის სამართლის სკოლის მიერ USAID სამართლის უზენაესობის პროგრამის მხარდაჭერით.
504 _aბიბლიოგრაფია ტექსტის შენიშვნებში.
653 _aპოლიტიკური პარტიები -- საქართველო
653 _aპოლიტიკური პარტიები საზღვარგარეთის ქვეყნებში
653 _aდემოკრატიული საზოგადოება
700 _aბერაია, გიორგი
_eავტორი
_95646
773 _tნაჩუქარი
942 _2udc
_cᲬᲘᲒᲜᲘ